000 01088nam0a22002771 4500
001 2571573
005 20260407140624.0
021 _aRU
_b4039-83
035 _a(NLR Aleph) 006455436
090 _a5781732
_c5781732
100 _a20110316d1978 |||y0rusy50 ca
101 0 _arus
102 _aRU
105 _aa z |||||
200 1 _aДиагностика различных форм артериальной гипертонии
_e(Метод. рекомендации)
_fМ-во здравоохранения
_gПринимали участие д-р мед. наук Г.Г. Арабидзе и др.
210 _aМосква
_cБ. и.
_d1978
215 _a19 с., 1 л. табл.
_cил.
_d20
686 _aР410,030.-35-4я8
_2rubbk
702 1 _aАрабидзе
_bГ.Г.
_gГурам Григорьевич
_4570
712 0 1 _aСССР
_bМинистерство здравоохранения
_3RU\NLR\AUTH\8810007906
_9513517
801 0 _aRU
_bNLR
_gpsbo
801 1 _aRU
_bELAR
_2rusmarc
852 _aNLR
_jDesideratum
899 _aRuMoRGB
_jM 83-7/303
942 _cBOOK
980 _aNB